Informaciones generales de la Bolsa de Bogotá / (Registro nro. 8323)
[ vista simple ]
| 000 -LEADER | |
|---|---|
| fixed length control field | 01269nam a2200205Ia 4500 |
| 003 - CONTROL NUMBER IDENTIFIER | |
| control field | OSt |
| 005 - DATE AND TIME OF LATEST TRANSACTION | |
| control field | 20210812155506.0 |
| 008 - FIXED-LENGTH DATA ELEMENTS--GENERAL INFORMATION | |
| fixed length control field | 210310s1991 ck gr 000 0 spa d |
| 040 ## - CATALOGING SOURCE | |
| Original cataloging agency | CO-JMCR |
| Transcribing agency | CO-JMCR |
| 041 0# - LANGUAGE CODE | |
| Language code of text/sound track or separate title | spa |
| 082 04 - DEWEY DECIMAL CLASSIFICATION NUMBER | |
| Classification number | 332.64286142 / |
| Item number | B693i |
| Edition number | 23 |
| 110 2# - MAIN ENTRY--CORPORATE NAME | |
| Corporate name or jurisdiction name as entry element | Bolsa de Bogotá |
| 9 (RLIN) | 36239 |
| 245 10 - TITLE STATEMENT | |
| Title | Informaciones generales de la Bolsa de Bogotá / |
| Statement of responsibility, etc. | Bolsa de Bogotá |
| 260 ## - PUBLICATION, DISTRIBUTION, ETC. | |
| Place of publication, distribution, etc. | Bogotá : |
| Name of publisher, distributor, etc. | Bolsa de Bogotá, |
| Date of publication, distribution, etc. | 1991 |
| 300 ## - PHYSICAL DESCRIPTION | |
| Extent | 101 páginas ; |
| Dimensions | 27 cm. |
| 505 0# - FORMATTED CONTENTS NOTE | |
| Formatted contents note | Qué es qué hace la Bolsa de Bogotá -- Glosario de Términos Bursátiles -- Miembros Activos de la Bolsa de Bogotá -- Normas aplicables y procedimientos para la admisión de miembros Comisionistas en la Bolsa de Bogotá -- Requisitos para la Inscripción de acciones en la Bolsa de Bogotá S.A. -- Requisitos para la Inscripción de valores diferentes de acciones -- Títulos negociables inscritos en la Bolsa de Bogotá S.A -- Tarifa de Comisiones en vigencia -- Volumen Acumulado de transacciones en la Bolsa de<br/>Bogotá -- Publicaciones de la Bolsa de Bogotá -- Organigrama de la Bolsa de Bogotá -- Servicios de Información que ofrece la Bolsa de Bogotá |
| 650 14 - SUBJECT ADDED ENTRY--TOPICAL TERM | |
| Topical term or geographic name entry element | Bolsa de valores |
| 9 (RLIN) | 16943 |
| General subdivision | Colombia |
| 650 24 - SUBJECT ADDED ENTRY--TOPICAL TERM | |
| Topical term or geographic name entry element | Bolsa de Bogotá |
| General subdivision | Informes |
| 9 (RLIN) | 39361 |
| 942 ## - ADDED ENTRY ELEMENTS (KOHA) | |
| Source of classification or shelving scheme | Dewey Decimal Classification |
| Koha item type | Books |
| Withdrawn status | Lost status | Source of classification or shelving scheme | Damaged status | Not for loan | Collection code | Home library | Current library | Date acquired | Source of acquisition | Full call number | Barcode | Date last seen | Copy number | Koha item type |
|---|---|---|---|---|---|---|---|---|---|---|---|---|---|---|
| Dewey Decimal Classification | Non-fiction | Biblioteca Pública José María del Castillo y Rada | Biblioteca Pública José María del Castillo y Rada | 04/15/2018 | Donación | 332.64286142 / B693i | 430002876 | 05/16/2024 | Ej.1 | Books |